The chase / Horton Foote
Novela de ficción policíaca, relata la historia del sheriff Hawes, quien hace planes para su jubilación y se encuentra en peligro, ya que Bubber Reeves quien fue condenado de por vida, se escapa de la penitenciaría obsesionado con la idea de matar a Hawes. La ciudad está aterrorizada por Bubber, y e...
Uloženo v:
| Hlavní autor: | |
|---|---|
| Médium: | Kniha |
| Jazyk: | Undetermined |
| Vydáno: |
New York, Estados Unidos
The New American Library
1966
|
| Témata: | |
| Tagy: |
Přidat tag
Žádné tagy, Buďte první, kdo vytvoří štítek k tomuto záznamu!
|
MARC
| LEADER | 00000nam a2200000Ia 4500 | ||
|---|---|---|---|
| 008 | 170316s9999 xx 000 0 und d | ||
| 040 | |a cru BVZT | ||
| 090 | |a 810 F-15ch | ||
| 100 | |a Foote, Horton |9 792 | ||
| 245 | 4 | |a The chase |b / Horton Foote | |
| 260 | |a New York, Estados Unidos | ||
| 260 | |b The New American Library | ||
| 260 | |c 1966 | ||
| 300 | |a 158 páginas | ||
| 520 | |a Novela de ficción policíaca, relata la historia del sheriff Hawes, quien hace planes para su jubilación y se encuentra en peligro, ya que Bubber Reeves quien fue condenado de por vida, se escapa de la penitenciaría obsesionado con la idea de matar a Hawes. La ciudad está aterrorizada por Bubber, y el oficial Hawes está decidido a capturarlo vivo y enviarlo de regreso a la penitenciaría. Es un relato sobre la justicia, compromiso, sociedad, moral, crimen, castigo, perseverancia y determinación, entre otros temas. | ||
| 650 | |a LITERATURA ESTADOUNIDENSE |9 25 | ||
| 650 | |a EN IDIOMA INGLÉS |9 129 | ||
| 650 | |a NOVELA POLICIACA |9 274 | ||
| 999 | |c 5606 |d 5606 | ||
| 942 | |c 15 D |h 810 F-15ch |2 z | ||
